منطق تهافت الفلاسفة المسمي معيار العلم / (Record no. 7414)
[ view plain ]
| 000 -LEADER | |
|---|---|
| fixed length control field | 00653nac a22001691u 4500 |
| 008 - FIXED-LENGTH DATA ELEMENTS--GENERAL INFORMATION | |
| fixed length control field | 080901s1960 ua||||||r||| 000 0 ra d |
| 082 ## - DEWEY DECIMAL CLASSIFICATION NUMBER | |
| Classification number | 160 |
| Item number | غ ز ا |
| Edition number | 22 |
| 245 ## - TITLE STATEMENT | |
| Title | منطق تهافت الفلاسفة المسمي معيار العلم / |
| Statement of responsibility, etc | للإمام الغزالي ؛ تحقيق سليمان دنيا |
| 260 ## - PUBLICATION, DISTRIBUTION, ETC. (IMPRINT) | |
| Place of publication, distribution, etc | القاهرة : |
| Name of publisher, distributor, etc | دار المعارف، 1961. |
| Date of publication, distribution, etc | 1961. |
| 300 ## - PHYSICAL DESCRIPTION | |
| Extent | 400 ص ؛ |
| Dimensions | 24 سم |
| 500 ## - GENERAL NOTE | |
| General note | يحتوي علي فهارس |
| 511 ## - PARTICIPANT OR PERFORMER NOTE | |
| Participant or performer note | Catalogued by: Sara |
| 541 ## - IMMEDIATE SOURCE OF ACQUISITION NOTE | |
| Source of acquisition | ألف باء ؛ |
| 650 ## - SUBJECT ADDED ENTRY--TOPICAL TERM | |
| Topical term or geographic name as entry element | المنطق |
| 9 (RLIN) | 13686 |
| 650 ## - SUBJECT ADDED ENTRY--TOPICAL TERM | |
| Topical term or geographic name as entry element | الاستقراء |
| 9 (RLIN) | 16516 |
| 942 ## - ADDED ENTRY ELEMENTS (KOHA) | |
| Item type | Book - Borrowing |
| Call number prefix | 160 غ ز ا |
| Source of classification or shelving scheme | Dewey Decimal Classification |
| Withdrawn status | Item status | Source of classification or shelving scheme | Damaged status | Not for loan | Vendor | Home library | Current library | Shelving location | Date acquired | Source of acquisition | Total Checkouts | Full call number | Barcode | Date last seen | Koha item type |
|---|---|---|---|---|---|---|---|---|---|---|---|---|---|---|---|
| Dewey Decimal Classification | Alef-Baa | Central Library | Central Library | Lower Floor | 23/01/2008 | 160 الغ | 000008874 | 15/07/2025 | Book - Borrowing |